000 00855 a2200265 4500
005 20240827125310.0
008 080819t xxu||||| |||| 00| 0 eng d
010 _aENG-141463 ENG-141464
020 _a97881958967149Vol 1)
_c400.00
020 _a9788195896707(Vol 2)
_c400.00
035 _aEN-124995
035 _aEN-124996
037 _bDBAD
040 _adpl
_bEnglish
082 _a230.2
_21
100 _970564
_aSharma, Krishan
245 _aA Treatise on The Concepts of God/
_cBy Krishan Sharma
260 _aUttar Pradesh
_bSadhan Press
_c2022
270 _aRamashram Satsang,Dampier Nagar
_bMathura
_cUttar Pradesh
_e281001
_k9319680800
300 _axx,607p.:
_c23cm(hb)
300 _axv,512p.:
_c23cm(hb)
490 _vVol 1, Vol 2
500 _aBased on Indian Philosophy
942 _adpl
_cEN
_2ddc
_h230.2
_mSHA
_e1
999 _c205301
_d205301